[Event "4NCL/Div2/BRI1 vs. GUI2"]
[Site "West Bromwich ENG"]
[Date "2003.10.19"]
[Round "2.2"]
[White "Anderton, Matthew N"]
[Black "Beaumont, Chris"]
[Result "1/2-1/2"]
[WhiteElo "2242"]
[BlackElo "2336"]
[PlyCount "70"]
[EventDate "2003.10.19"]

1. e4 d6 2. d4 Nf6 3. Nc3 g6 4. Bg5 Bg7 5. Qd2 c6 6. f4 b5 7. Bd3 O-O 8. Nf3
Bg4 9. O-O Qb6 10. Ne2 Nbd7 11. Kh1 d5 12. Bxf6 Nxf6 13. e5 Ne4 14. Qe3 f6 15.
Bxe4 dxe4 16. Qxe4 Bf5 17. Qe3 Bxc2 18. Ng3 b4 19. b3 fxe5 20. fxe5 Rad8 21.
Rac1 Bf5 22. Nxf5 Rxf5 23. Rc5 Rd5 24. Rxd5 cxd5 25. Rc1 Rf8 26. Qg5 Qb7 27.
Qh4 h6 28. Qg4 Qa6 29. Qd7 Qxa2 30. Qxd5+ Kh7 31. h4 Qf2 32. Qe4 Qg3 33. h5 Rf5
34. hxg6+ Qxg6 35. Kg1 a5 1/2-1/2

[Event "4NCL/Div2/BRI1 vs. GUI2"]
[Site "West Bromwich ENG"]
[Date "2003.10.19"]
[Round "2.3"]
[White "Rudd, Jack"]
[Black "Granat, Russell G"]
[Result "1-0"]
[WhiteElo "2245"]
[BlackElo "2252"]
[PlyCount "107"]
[EventDate "2003.10.19"]

1. e4 Nc6 2. d4 e5 3. dxe5 Nxe5 4. f4 Ng6 5. Bc4 d6 6. Nf3 Be6 7. Bxe6 fxe6 8.
O-O Nf6 9. Ng5 Qe7 10. f5 exf5 11. exf5 Ne5 12. Nc3 c6 13. Ne6 h6 14. Bf4 Kf7
15. Qd4 Re8 16. Bxe5 dxe5 17. Qc4 Kg8 18. Ne4 Qb4 19. Nxf6+ gxf6 20. Qd3 Kf7
21. c3 Qb5 22. c4 Qb6+ 23. Kh1 Bc5 24. Rad1 Bd4 25. c5 Qb5 26. Qf3 h5 27. Nc7
Qc4 28. Nxe8 Kxe8 29. Rfe1 Rh7 30. Qg3 Kf8 31. Qh4 Kf7 32. b4 Qd5 33. Re4 Qxa2
34. Rexd4 exd4 35. Qxd4 Qd5 36. Qxd5+ cxd5 37. Rxd5 Ke7 38. g3 Rg7 39. Kg2 Rg4
40. b5 Rc4 41. Kh3 a5 42. c6 bxc6 43. bxc6 Rxc6 44. Rxa5 Rc4 45. Ra7+ Kd6 46.
Rh7 Ke5 47. Rxh5 Ra4 48. g4 Ra2 49. Kg3 Ra3+ 50. Kh4 Kf4 51. Rh6 Ra8 52. Kh5
Rg8 53. h4 Rxg4 54. Rg6 1-0

[Event "4NCL/Div2/BRI1 vs. GUI2"]
[Site "West Bromwich ENG"]
[Date "2003.10.19"]
[Round "2.4"]
[White "Richardson, Keith B"]
[Black "Buckley, Simon T"]
[Result "0-1"]
[WhiteElo "2219"]
[BlackElo "2291"]
[PlyCount "52"]
[EventDate "2003.10.19"]

1. c4 e5 2. Nc3 Nc6 3. Nf3 g6 4. d4 exd4 5. Nd5 Bg7 6. Bg5 f6 7. Bf4 d6 8. Nxd4
Nxd4 9. Qxd4 Ne7 10. h4 O-O 11. O-O-O f5 12. Qd2 Nxd5 13. Qxd5+ Kh8 14. h5 Qf6
15. Qd2 gxh5 16. e3 Be6 17. Rxh5 Bf7 18. Rh3 b5 19. cxb5 a6 20. Bd3 axb5 21.
Rdh1 Bg6 22. a3 b4 23. axb4 Ra2 24. Bh6 Ra1+ 25. Bb1 f4 26. Bxg7+ Qxg7 0-1

[Event "4NCL/Div2/BRI1 vs. GUI2"]
[Site "West Bromwich ENG"]
[Date "2003.10.19"]
[Round "2.5"]
[White "Buckley, David E"]
[Black "Jackson, Adrian"]
[Result "0-1"]
[WhiteElo "2203"]
[BlackElo "2217"]
[PlyCount "80"]
[EventDate "2003.10.19"]

1. e4 c5 2. Nc3 Nc6 3. Bb5 Nd4 4. Bc4 a6 5. Nf3 b5 6. Bb3 Nxf3+ 7. Qxf3 c4 8.
e5 Rb8 9. e6 dxe6 10. Bxc4 bxc4 11. Qc6+ Qd7 12. Qxc4 Bb7 13. O-O Qc6 14. Qg4
Nf6 15. Qg3 Rd8 16. f3 g6 17. d3 Bg7 18. Bd2 O-O 19. Rab1 Nd5 20. Rfc1 Nxc3 21.
Bxc3 Bxc3 22. bxc3 Ba8 23. c4 Qc5+ 24. Kh1 e5 25. Rb3 Rb8 26. Rcb1 Rxb3 27.
axb3 f5 28. b4 Qd4 29. b5 e4 30. fxe4 fxe4 31. Qg4 Qf6 32. h3 axb5 33. cxb5
exd3 34. Qc4+ Qf7 35. Qxd3 Qf2 36. Qb3+ Kg7 37. Rg1 Rf3 38. Qe6 Qg3 39. Qc8
Qxh3+ 40. gxh3 Rxh3# 0-1

[Event "4NCL/Div2/BRI1 vs. GUI2"]
[Site "West Bromwich ENG"]
[Date "2003.10.19"]
[Round "2.6"]
[White "Coates, Kenneth G"]
[Black "Collier, David O"]
[Result "1-0"]
[WhiteElo "2184"]
[BlackElo "2225"]
[PlyCount "54"]
[EventDate "2003.10.19"]

1. e4 c5 2. c3 Qa5 3. Nf3 Nc6 4. Bc4 e6 5. O-O b5 6. Bb3 c4 7. Bc2 Nf6 8. d4
cxd3 9. Qxd3 d6 10. Bg5 h6 11. Bxf6 gxf6 12. Nbd2 Rb8 13. b4 Qc7 14. a4 a6 15.
axb5 axb5 16. Nb3 Bd7 17. Ra3 Rg8 18. Rfa1 e5 19. Nh4 Rg4 20. Nf5 d5 21. exd5
e4 22. Qe2 Bxf5 23. dxc6 Qe5 24. Nd4 Bd6 25. g3 Bc8 26. c7 Bxc7 27. Nc6 Qd6 1-0

[Event "4NCL/Div2/BRI1 vs. GUI2"]
[Site "West Bromwich ENG"]
[Date "2003.10.19"]
[Round "2.7"]
[White "Dilleigh, Stephen P"]
[Black "Punnett, Alan K"]
[Result "1-0"]
[WhiteElo "2163"]
[BlackElo "2139"]
[PlyCount "89"]
[EventDate "2003.10.19"]

1. d4 Nf6 2. c4 e6 3. Nc3 Bb4 4. e3 b6 5. Nge2 Ba6 6. Ng3 d5 7. Qa4+ Nfd7 8.
Qxb4 dxc4 9. Bxc4 Nc6 10. Qa4 Bxc4 11. Qxc4 Na5 12. Qe2 O-O 13. O-O Qh4 14. e4
Rfe8 15. Be3 e5 16. d5 a6 17. Rfd1 g6 18. Rac1 Nb7 19. Na4 Rec8 20. Qd2 Qe7 21.
Rc2 Nd6 22. Rdc1 Nf8 23. Rc6 f5 24. exf5 gxf5 25. Bxb6 cxb6 26. Nxb6 Rxc6 27.
Rxc6 Rd8 28. Qc2 e4 29. Rc7 Qe5 30. Qc3 Ng6 31. Nh5 Ne8 32. Qxe5 Nxe5 33. Re7
Nd3 34. Nd7 Nxb2 35. d6 Nc4 36. Nhf6+ Nxf6 37. Nxf6+ Kf8 38. Nxh7+ Kg8 39. d7
Nd6 40. Nf6+ Kf8 41. Re6 Nf7 42. Rxa6 Ke7 43. Kf1 Nd6 44. Ke2 Ke6 45. Ne8 1-0

[Event "4NCL/Div2/BRI1 vs. GUI2"]
[Site "West Bromwich ENG"]
[Date "2003.10.19"]
[Round "2.8"]
[White "Coates, Christine (res)"]
[Black "Ashby, Ann-Marie"]
[Result "0-1"]
[WhiteElo "976"]
[BlackElo "2082"]
[PlyCount "84"]
[EventDate "2003.10.19"]

1. d4 f5 2. Nf3 e6 3. Bf4 Nf6 4. e3 d6 5. Nbd2 Be7 6. h3 Nc6 7. c3 O-O 8. Bc4
Kh8 9. O-O Qe8 10. Qe2 Ne4 11. Rfe1 Bd8 12. Bb3 Nxd2 13. Qxd2 e5 14. Bg3 e4 15.
Nh2 h5 16. f4 Qg6 17. Nf1 a5 18. Qe2 Bd7 19. Rad1 a4 20. Bc2 Be8 21. d5 Ne7 22.
Rd4 Ng8 23. b3 Bf6 24. Rc4 Bb5 25. bxa4 Bxc4 26. Qxc4 Qf7 27. Rb1 b6 28. Be1
Ra5 29. Rb5 Rfa8 30. Rxa5 Rxa5 31. Qb3 Rxd5 32. c4 Rc5 33. Bb4 Qxc4 34. Bxc5
Qxc5 35. Kf2 d5 36. Kg3 Qa5 37. Kf2 c6 38. g3 Bc3 39. Kg2 Be1 40. h4 Nf6 41.
Nh2 Qd2+ 42. Kh3 Qf2 0-1

[Event "4NCL/Div2/SWD1 vs. WES1"]
[Site "West Bromwich ENG"]
[Date "2003.10.19"]
[Round "2.1"]
[White "Cooper, John G"]
[Black "Webb, Richard M"]
[Result "1/2-1/2"]
[WhiteElo "2310"]
[BlackElo "2348"]
[PlyCount "50"]
[EventDate "2003.10.19"]

1. d4 Nf6 2. c4 g6 3. Nc3 d5 4. Nf3 Bg7 5. Qb3 dxc4 6. Qxc4 O-O 7. e4 Nc6 8.
Be2 Bg4 9. d5 Na5 10. Qb4 Bxf3 11. Bxf3 c6 12. O-O cxd5 13. exd5 Rc8 14. Rd1 b6
15. Be2 Nb7 16. Ba6 Rc7 17. Bf4 Nd6 18. Nb5 Rc5 19. Nxd6 exd6 20. Qb3 Re8 21.
Be3 Rc7 22. Bb5 Re5 23. h3 Ne4 24. Rac1 Rxc1 25. Rxc1 Nc5 1/2-1/2

[Event "4NCL/Div2/SWD1 vs. WES1"]
[Site "West Bromwich ENG"]
[Date "2003.10.19"]
[Round "2.2"]
[White "Yeo, Michael J"]
[Black "Dineley, Richard D P"]
[Result "1/2-1/2"]
[WhiteElo "2244"]
[BlackElo "2269"]
[PlyCount "64"]
[EventDate "2003.10.19"]

1. e4 c5 2. Nf3 e6 3. d4 cxd4 4. Nxd4 Nf6 5. Nc3 d6 6. Bg5 Be7 7. Qd2 a6 8.
O-O-O b5 9. Bd3 Bb7 10. f4 Nbd7 11. Rhe1 Nc5 12. b4 Nxd3+ 13. Qxd3 Rc8 14. Bxf6
Bxf6 15. e5 dxe5 16. fxe5 Be7 17. Qg3 Qc7 18. Ne4 Bxe4 19. Rxe4 O-O 20. Qb3
Rfd8 21. Nf3 Rxd1+ 22. Kxd1 g6 23. Kc1 Bf8 24. Kb2 Bg7 25. Qd3 Rd8 26. Qe3 Rd5
27. c3 a5 28. a3 axb4 29. axb4 Bf8 30. Rd4 Rxd4 31. Qxd4 Qb7 32. Kb3 Qb8
1/2-1/2

[Event "4NCL/Div2/SWD1 vs. WES1"]
[Site "West Bromwich ENG"]
[Date "2003.10.19"]
[Round "2.3"]
[White "James, David J"]
[Black "Simons, Martin J"]
[Result "1/2-1/2"]
[WhiteElo "2258"]
[BlackElo "2285"]
[PlyCount "38"]
[EventDate "2003.10.19"]

1. Nf3 d6 2. d4 Bg4 3. c4 Nd7 4. e4 e5 5. Be2 Be7 6. Nc3 c6 7. Be3 Ngf6 8. O-O
O-O 9. Qc2 Qc7 10. h3 Bh5 11. Rfe1 Rfe8 12. Nd2 Bxe2 13. Nxe2 Nf8 14. f4 Ne6
15. dxe5 dxe5 16. f5 Nf4 17. g3 Nxe2+ 18. Rxe2 Nd7 19. c5 b6 1/2-1/2

[Event "4NCL/Div2/SWD1 vs. WES1"]
[Site "West Bromwich ENG"]
[Date "2003.10.19"]
[Round "2.4"]
[White "Corkett, Anthony R"]
[Black "Morris, Charles F"]
[Result "1-0"]
[WhiteElo "2314"]
[BlackElo "2225"]
[PlyCount "67"]
[EventDate "2003.10.19"]

1. Nf3 d5 2. d4 e6 3. e3 Nf6 4. Bd3 c5 5. O-O Nc6 6. b3 cxd4 7. exd4 Bd6 8. Re1
h6 9. a3 O-O 10. Bb2 Ne8 11. c4 Bc7 12. Nc3 a6 13. Bc2 f5 14. cxd5 exd5 15. b4
Nf6 16. Bb3 Qd6 17. Qd3 Be6 18. Na4 Rae8 19. Rac1 Bc8 20. Ne5 f4 21. f3 Ne7 {=}
22. Nc5 Nf5 23. Nxb7 Qb6 24. Nc5 a5 25. Bc3 axb4 26. axb4 Ne3 27. Ba4 Bf5 28.
Qb5 Ra8 29. Bd2 Qxb5 30. Bxb5 Rab8 31. Bd3 Bxe5 32. dxe5 Bxd3 33. exf6 Bc4 34.
Nd7 {time} 1-0

[Event "4NCL/Div2/SWD1 vs. WES1"]
[Site "West Bromwich ENG"]
[Date "2003.10.19"]
[Round "2.5"]
[White "Blackburn, Jonathan L B"]
[Black "Allicock, Rawle A"]
[Result "1-0"]
[WhiteElo "2193"]
[BlackElo "2279"]
[PlyCount "63"]
[EventDate "2003.10.19"]

1. d4 Nf6 2. c4 g6 3. Nc3 Bg7 4. e4 O-O 5. Be3 d6 6. f3 e5 7. d5 Nh5 8. Qd2 f5
9. O-O-O Nd7 10. Kb1 Nc5 11. b4 Nd7 12. c5 a6 13. Bd3 Qe7 14. Na4 Rb8 15. cxd6
cxd6 16. Ne2 Nf4 17. Nc1 b5 18. Nb2 Nb6 19. Nb3 Bd7 20. Rc1 Na4 21. Na5 Nxb2
22. Kxb2 Nxd5 23. exd5 e4+ 24. Ka3 exd3 25. Qxd3 Qe5 26. Qd2 f4 27. Ba7 Rbe8
28. Rhe1 Qf6 29. Rxe8 Rxe8 30. Nb3 Qe5 31. Rc7 Bf5 32. Bd4 1-0

[Event "4NCL/Div2/SWD1 vs. WES1"]
[Site "West Bromwich ENG"]
[Date "2003.10.19"]
[Round "2.6"]
[White "Neil, David R"]
[Black "Saunders, John C"]
[Result "1/2-1/2"]
[WhiteElo "2181"]
[BlackElo "2195"]
[PlyCount "51"]
[EventDate "2003.10.19"]

1. e4 c6 2. d4 d5 3. e5 Bf5 4. Nf3 e6 5. Be2 Nd7 6. O-O c5 7. c4 dxc4 8. Na3
Ne7 9. Nxc4 Nd5 10. Ne3 Be4 11. Bd3 Bxd3 12. Qxd3 Nb4 13. Qe4 cxd4 14. Qxd4 Nc6
15. Qe4 Qc7 16. Nc4 Be7 17. Bf4 O-O 18. Rac1 h6 19. a3 a5 20. Rfd1 Rfd8 21. Nd6
Bxd6 22. Rxd6 Qb6 23. Qe2 Nf8 24. Rcd1 Ng6 25. Bg3 Qc5 26. h4 1/2-1/2

[Event "4NCL/Div2/SWD1 vs. WES1"]
[Site "West Bromwich ENG"]
[Date "2003.10.19"]
[Round "2.7"]
[White "May, Frank"]
[Black "Brameld, Arthur F"]
[Result "1/2-1/2"]
[WhiteElo "2153"]
[BlackElo "2079"]
[PlyCount "100"]
[EventDate "2003.10.19"]

1. Nf3 Nf6 2. c4 e6 3. Nc3 c5 4. d4 cxd4 5. Nxd4 a6 6. e4 Qc7 7. Be2 Nc6 8. Be3
Bb4 9. f3 Nxd4 10. Qxd4 d6 11. O-O Bd7 12. Rac1 O-O 13. Rfd1 Bc5 14. Qd2 Rfd8
15. Bf1 Qb6 16. Bxc5 Qxc5+ 17. Kh1 Be8 18. Ne2 Rac8 19. Nd4 Qc7 20. b4 Ba4 21.
Re1 Be8 22. a3 h6 23. g3 Qb8 {=} 24. Qe3 Qa7 25. Rc3 a5 26. Rec1 axb4 27. axb4
Qb6 28. Nf5 Qxe3 29. Nxe3 Kf8 30. Kg1 Ke7 31. Kf2 Rc7 32. Ke1 Ra8 33. Kd2 Ra4
34. Rb1 b6 35. Nc2 Ra2 36. Ra3 Ra7 37. Rbb3 R7xa3 38. Rxa3 Rxa3 39. Nxa3 Bc6
40. Ke3 Nd7 41. Nc2 e5 42. Bh3 Ba4 43. Na3 Nb8 44. b5 Bb3 45. Bg4 g6 46. h4 Nd7
47. Bxd7 Kxd7 48. f4 Bd1 49. Nb1 Bg4 50. Nc3 Be6 1/2-1/2

[Event "4NCL/Div2/SWD1 vs. WES1"]
[Site "West Bromwich ENG"]
[Date "2003.10.19"]
[Round "2.8"]
[White "Khoo, Teresa"]
[Black "Cast, Abigail"]
[Result "1-0"]
[WhiteElo "2054"]
[BlackElo "2104"]
[PlyCount "127"]
[EventDate "2003.10.19"]

1. e4 e6 2. d4 d5 3. e5 c5 4. c3 Nc6 5. Nf3 Qb6 6. Be2 Bd7 7. O-O cxd4 8. cxd4
Nge7 9. Na3 Nf5 10. Nc2 Rc8 11. Rb1 Na5 12. Ne3 Ne7 13. b4 Nc4 14. a4 a5 15. b5
Ng6 16. Qb3 Qc7 17. g3 Bb4 18. Nc2 Be7 19. h4 f5 20. h5 Nf8 21. Nce1 Qd8 22.
Nd3 b6 23. Nd2 g5 24. hxg6 hxg6 25. Nf4 Qc7 26. Nxc4 dxc4 27. Qe3 g5 28. Nh5
Kf7 29. Nf6 Bxf6 30. exf6 f4 31. Qe4 Ng6 32. Bg4 Qd6 33. Ra1 Rh6 34. Ba3 Qc7
35. d5 Re8 36. Rfe1 Qc8 37. dxe6+ Bxe6 38. Bxe6+ Rxe6 39. Qxe6+ Qxe6 40. Rxe6
Kxe6 41. Rc1 fxg3 42. fxg3 Kxf6 43. Rxc4 Ne7 44. Rc7 Ng8 45. Bf8 Rg6 46. Rc6+
Kf7 47. Bd6 Re6 48. Rxb6 Nf6 49. Rb7+ Ke8 50. Bc7 Re4 51. Bxa5 Rxa4 52. Ra7 Nd7
53. b6 g4 54. b7 Ra1+ 55. Kf2 Rb1 56. Bc7 Kf7 57. b8=Q Nxb8 58. Bxb8+ Kg6 59.
Bf4 Rb5 60. Ra6+ Kg7 61. Rh6 Rb2+ 62. Ke1 Rb1+ 63. Kd2 Rb2+ 64. Kc1 1-0

[Event "4NCL/Div2/MMNWE2 vs. BAR3"]
[Site "West Bromwich ENG"]
[Date "2003.10.19"]
[Round "2.1"]
[White "Tebb, David J"]
[Black "Mack, Andrew"]
[Result "0-1"]
[WhiteElo "2240"]
[BlackElo "2269"]
[PlyCount "116"]
[EventDate "2003.10.19"]

1. e4 e6 2. d4 d5 3. Nc3 Nf6 4. e5 Nfd7 5. f4 c5 6. Nf3 Nc6 7. Be3 a6 8. Qd2 b5
9. dxc5 Bxc5 10. Bxc5 Nxc5 11. Bd3 Qb6 12. Qf2 b4 13. Ne2 a5 14. O-O Ba6 15. f5
exf5 16. Nf4 Ne7 17. Kh1 O-O 18. Bxa6 Rxa6 19. Rad1 Na4 20. Qh4 Qd8 21. e6 f6
22. Nxd5 Nxd5 23. e7 Qxe7 24. Rxd5 Qe4 25. Rd7 Qxh4 26. Nxh4 g6 27. Re1 Rf7 28.
Rd8+ Kg7 29. Nf3 Nc5 30. Nd4 Ne4 31. c3 bxc3 32. bxc3 h5 33. Nb5 Re7 34. Kg1
Re5 35. a4 Nc5 36. Red1 Rae6 37. Kf1 h4 38. Nd4 Re8 39. Nc6 Rxd8 40. Rxd8 Re4
41. Rd4 Nxa4 42. Rxe4 fxe4 43. c4 f5 44. Nxa5 Kf6 45. Ke2 Ke5 46. Nc6+ Kd6 47.
Nd8 Kc5 48. Ne6+ Kxc4 49. Nf4 g5 50. Ne6 Nc3+ 51. Kf2 g4 52. g3 hxg3+ 53. hxg3
Kd3 54. Nc5+ Kd4 55. Ne6+ Ke5 56. Nf4 Nd5 57. Ng2 Kd4 58. Ke2 e3 0-1

[Event "4NCL/Div2/MMNWE2 vs. BAR3"]
[Site "West Bromwich ENG"]
[Date "2003.10.19"]
[Round "2.2"]
[White "Hodgson, John H"]
[Black "Charleshouse, Glenn L"]
[Result "1/2-1/2"]
[WhiteElo "2209"]
[BlackElo "2238"]
[PlyCount "47"]
[EventDate "2003.10.19"]

1. e4 c5 2. Nf3 d6 3. d4 cxd4 4. Nxd4 Nf6 5. Nc3 e6 6. Be2 Be7 7. f4 Nc6 8. Be3
O-O 9. O-O Qc7 10. Kh1 a6 11. a4 Bd7 12. Nb3 b6 13. Bf3 Rab8 14. Qe2 Bc8 15.
Bf2 Re8 16. Bg3 Nd7 17. Rad1 Bf8 18. e5 Na5 19. exd6 Bxd6 20. Ne4 Bf8 21. f5 e5
22. f6 g6 23. Ng5 Bb7 24. Bxb7 1/2-1/2

[Event "4NCL/Div2/MMNWE2 vs. BAR3"]
[Site "West Bromwich ENG"]
[Date "2003.10.19"]
[Round "2.3"]
[White "Hague, Ben"]
[Black "Rich, Mark"]
[Result "1/2-1/2"]
[WhiteElo "2227"]
[BlackElo "2202"]
[PlyCount "42"]
[EventDate "2003.10.19"]

1. e4 c5 2. d4 cxd4 3. c3 Nf6 4. e5 Nd5 5. Nf3 e6 6. Bc4 Nb6 7. Bb3 d6 8. cxd4
Bd7 9. O-O Bc6 10. Nc3 Be7 11. Bf4 O-O 12. Qd3 dxe5 13. Nxe5 Nd5 14. Nxc6 Nxc6
15. Nxd5 exd5 16. Rfe1 Qd7 17. Rad1 Rad8 18. Be5 Rfe8 19. Re3 Bg5 20. Rh3 g6
21. Qg3 Qf5 1/2-1/2

[Event "4NCL/Div2/MMNWE2 vs. BAR3"]
[Site "West Bromwich ENG"]
[Date "2003.10.19"]
[Round "2.4"]
[White "Roberts, Paul"]
[Black "Ghasi, Sumeet K"]
[Result "0-1"]
[WhiteElo "2241"]
[BlackElo "2207"]
[PlyCount "90"]
[EventDate "2003.10.19"]

1. d4 Nf6 2. Nf3 e6 3. e3 c5 4. Bd3 cxd4 5. exd4 Be7 6. O-O O-O 7. Qe2 b6 8.
Bg5 Bb7 9. Nbd2 d6 10. Rad1 Nbd7 11. Rfe1 Rc8 12. c3 Re8 13. Bb1 Qc7 14. Bf4
Nf8 15. Ng5 h6 16. Ngf3 Bc6 17. c4 Qb7 18. Bd3 Qa8 19. b4 N8d7 20. Bg3 Nh5 21.
b5 Nxg3 22. hxg3 Bb7 23. g4 d5 24. Bg6 Bb4 25. Bd3 dxc4 26. Bxc4 Ba5 27. Bd3
Nf6 28. Ne5 Bxg2 29. Nc6 Bxd2 30. Qxd2 Bd5 31. g5 hxg5 32. Qxg5 Bxc6 33. bxc6
Red8 34. Re3 Rd5 35. Re5 Qxc6 36. Qg3 Qa4 37. Rde1 Qxd4 38. Rxd5 Qxd5 39. Ba6
Rd8 40. Re5 Qd1+ 41. Kh2 Qb1 42. Rg5 Qh7+ 43. Kg1 Ne8 44. Be2 Qc2 45. Qf3 Qc1+
0-1

[Event "4NCL/Div2/MMNWE2 vs. BAR3"]
[Site "West Bromwich ENG"]
[Date "2003.10.19"]
[Round "2.5"]
[White "Hulmes, David I"]
[Black "Williamson, Paul L"]
[Result "1-0"]
[WhiteElo "2170"]
[BlackElo "2134"]
[PlyCount "81"]
[EventDate "2003.10.19"]

1. e4 c6 2. d4 d5 3. e5 Bf5 4. Nc3 Qb6 5. Nf3 e6 6. Be2 h6 7. O-O Nd7 8. Na4
Qc7 9. b3 f6 10. Nh4 fxe5 11. Nxf5 exf5 12. Bh5+ Kd8 13. dxe5 Nxe5 14. Re1 Nf6
15. Bb2 Bd6 16. Nc5 Bxc5 17. Bxe5 Bd6 18. Bxf6+ gxf6 19. c4 Bxh2+ 20. Kh1 Be5
21. cxd5 c5 22. Rc1 Qd6 23. Qd3 f4 {=} 24. Qg6 Rf8 25. Qg7 b6 26. b4 Rc8 27.
bxc5 Rxc5 28. Qxa7 Qc7 29. Qa8+ Ke7 30. Qa3 Rd8 31. Bf3 Kf7 32. Rxc5 Qxc5 33.
Qd3 Kg7 34. Bh5 Qxf2 35. Qg6+ Kh8 36. Qxh6+ Kg8 37. Rxe5 fxe5 38. Qg6+ Kh8 39.
Qf6+ Kh7 40. Bg6+ Kh6 41. Bf5+ 1-0

[Event "4NCL/Div2/MMNWE2 vs. BAR3"]
[Site "West Bromwich ENG"]
[Date "2003.10.19"]
[Round "2.6"]
[White "Bhatia, Kanwal K"]
[Black "Hughes, Howard R"]
[Result "0-1"]
[WhiteElo "2065"]
[BlackElo "2144"]
[PlyCount "80"]
[EventDate "2003.10.19"]

1. e4 d5 2. exd5 Qxd5 3. Nc3 Qa5 4. d4 Nf6 5. Nf3 c6 6. Be2 Bf5 7. O-O e6 8.
Bf4 Nbd7 9. a3 Be7 10. Nh4 Bg6 11. b4 Qd8 12. Nxg6 hxg6 13. b5 Nb6 14. bxc6
bxc6 15. Bf3 Nfd5 16. Nxd5 cxd5 17. Be2 Bd6 18. Bb5+ Ke7 19. Bg3 Qc7 20. h3
Bxg3 21. fxg3 Qxg3 22. Rf3 Qd6 23. Qe2 Rac8 24. Raf1 Rhf8 25. Qf2 f6 26. Re1
Nc4 27. Rg3 Kf7 28. Qe2 Rh8 29. Qg4 g5 30. Bxc4 Rxc4 31. c3 Rc6 32. Qf3 Rhc8
33. Rxg5 Rxc3 34. Qh5+ Kg8 35. Rg4 Rc1 36. Qh4 Qxa3 37. Rxc1 Rxc1+ 38. Kh2 Qd6+
39. Rg3 Rc3 40. Qg4 Qxg3+ 0-1

[Event "4NCL/Div2/MMNWE2 vs. BAR3"]
[Site "West Bromwich ENG"]
[Date "2003.10.19"]
[Round "2.7"]
[White "Savory, Richard J"]
[Black "Flower, David"]
[Result "1-0"]
[WhiteElo "2096"]
[BlackElo "2121"]
[PlyCount "71"]
[EventDate "2003.10.19"]

1. e4 d6 2. d4 Nf6 3. Nc3 e5 4. Nf3 Nbd7 5. Bc4 Be7 6. O-O O-O 7. Be3 c6 8. Bb3
b5 9. a3 a5 10. Re1 Ba6 11. dxe5 dxe5 12. Nd2 Qc7 13. Qf3 Rad8 14. Ne2 Bc5 15.
Rad1 Bxe3 16. fxe3 Bc8 17. Ba2 Nc5 18. h3 Rxd2 19. Rxd2 Nfxe4 20. Rdd1 Qe7 21.
Ng3 Ng5 22. Qxc6 Bb7 23. Qd6 Nxh3+ 24. gxh3 Qg5 25. Bxf7+ Rxf7 26. Qd8+ Qxd8
27. Rxd8+ Rf8 28. Red1 Rxd8 29. Rxd8+ Kf7 30. b4 axb4 31. axb4 Ne4 32. Rd7+ Kg6
33. Rxb7 Nxg3 34. Rxb5 Kf5 35. Rd5 Ke4 36. Rd3 1-0

[Event "4NCL/Div2/MMNWE2 vs. BAR3"]
[Site "West Bromwich ENG"]
[Date "2003.10.19"]
[Round "2.8"]
[White "Macnab, Louise C"]
[Black "Hanley, James"]
[Result "0-1"]
[WhiteElo "1916"]
[BlackElo "2008"]
[PlyCount "108"]
[EventDate "2003.10.19"]

1. d4 Nf6 2. Nf3 g6 3. g3 Bg7 4. Bg2 O-O 5. O-O d6 6. c4 Nc6 7. d5 Na5 8. Nbd2
c5 9. Rb1 Bf5 10. Ra1 a6 11. Re1 b5 12. e4 Bg4 13. Qe2 bxc4 14. Nxc4 Bd7 15.
Nxa5 Qxa5 16. Bd2 Qb5 17. Bc3 Bg4 18. h3 Bxf3 19. Qxf3 Nd7 20. Bf1 Qb7 21. Bxg7
Kxg7 22. Qc3+ Kg8 23. Rab1 a5 24. b3 Nb6 25. g4 e5 26. Qd3 Qd7 27. Qb5 Qd8 28.
Qd3 Ra7 29. Qg3 Kh8 30. f4 exf4 31. Qxf4 f5 32. Bg2 Raf7 33. Rf1 g5 34. Qd2 f4
35. Qxa5 Kg8 36. Bf3 Qb8 37. Qb5 Rb7 38. Qd3 Nd7 39. Kg2 Ne5 40. Qc2 Ng6 41. a4
Rb4 42. Rfc1 Qb6 43. Bd1 Re8 44. Bf3 {=} 44... Nh4+ 45. Kf2 c4+ 46. Kf1 Nxf3
47. Qf2 Qxf2+ 48. Kxf2 Nd2 49. Rb2 Nxe4+ 50. Kf3 Rxb3+ 51. Rxb3 Nd2+ 52. Kf2
cxb3 53. Rd1 b2 54. a5 b1=Q 0-1

[Event "4NCL/Div2/KHE vs. WRO"]
[Site "West Bromwich ENG"]
[Date "2003.10.19"]
[Round "2.1"]
[White "McMichael, Richard"]
[Black "Gayson, Peter M"]
[Result "1/2-1/2"]
[WhiteElo "2298"]
[BlackElo "2239"]
[PlyCount "85"]
[EventDate "2003.10.19"]

1. d4 f5 2. Bg5 g6 3. Nd2 Bg7 4. c3 Nf6 5. e3 O-O 6. Bd3 d6 7. h4 Qe8 8. Qe2 e5
9. dxe5 dxe5 10. e4 Nc6 11. Bxf6 Bxf6 12. h5 f4 13. hxg6 hxg6 14. O-O-O Be6 15.
Ngf3 Qf7 16. Nb3 Kg7 17. Nfd2 b6 18. Rh2 Rh8 19. Rdh1 Rxh2 20. Rxh2 a5 21. Kb1
{=} 21... Rd8 22. Rh1 a4 23. Nc1 Na5 24. Bb5 a3 25. b4 c6 26. Bd3 Nb7 27. Bc2
Nd6 28. Bd3 c5 29. Ka1 cxb4 30. cxb4 Qc7 31. Ndb3 Nf5 32. Qc2 Qxc2 33. Bxc2 Nd4
34. Kb1 Nxb3 35. Bxb3 Bxb3 36. Nxb3 Be7 37. b5 Bc5 38. Nxc5 bxc5 39. Rc1 Rd2
40. Rc2 Rd4 41. Rc1 Rd2 42. Rc2 Rd1+ 43. Rc1 1/2-1/2

[Event "4NCL/Div2/KHE vs. WRO"]
[Site "West Bromwich ENG"]
[Date "2003.10.19"]
[Round "2.2"]
[White "Hutchinson, Paul"]
[Black "Thomas, Richard H"]
[Result "0-1"]
[WhiteElo "2255"]
[BlackElo "2235"]
[PlyCount "62"]
[EventDate "2003.10.19"]

1. e4 g6 2. d4 Bg7 3. Nc3 c6 4. Be3 d5 5. f3 dxe4 6. fxe4 e5 7. dxe5 Qa5 8. Qd2
Be6 9. Nf3 Nd7 10. Nd4 Qxe5 11. O-O-O Nb6 12. Nb3 Bxb3 13. cxb3 Nf6 14. Bf4 Qe6
15. Be2 O-O 16. Bf3 Nfd7 17. Qd6 Qxd6 18. Rxd6 Be5 19. Bxe5 Nxe5 20. Rhd1 Rfe8
21. Kc2 Kf8 22. h4 h5 23. Be2 Ke7 24. R6d2 a5 25. Rg1 Rad8 26. g4 Rxd2+ 27.
Kxd2 hxg4 28. Bxg4 Rh8 29. Na4 Nxa4 30. bxa4 Rxh4 31. Bc8 Nf3+ 0-1

[Event "4NCL/Div2/KHE vs. WRO"]
[Site "West Bromwich ENG"]
[Date "2003.10.19"]
[Round "2.3"]
[White "Kwiatkowski, Feliks J"]
[Black "Burnett, Jim"]
[Result "1-0"]
[WhiteElo "2251"]
[BlackElo "2205"]
[PlyCount "37"]
[EventDate "2003.10.19"]

1. e4 d5 2. exd5 Qxd5 3. Nc3 Qa5 4. d4 Nf6 5. Nf3 c6 6. Ne5 Be6 7. Bc4 Bxc4 8.
Nxc4 Qd8 9. O-O e6 10. Bg5 Be7 11. Re1 O-O 12. Qd3 Nd5 13. Bxe7 Qxe7 14. Ne4
Nd7 15. Rad1 Rad8 16. Qg3 N7f6 17. Nc5 b6 18. Nd3 Rc8 19. Nd6 1-0

[Event "4NCL/Div2/KHE vs. WRO"]
[Site "West Bromwich ENG"]
[Date "2003.10.19"]
[Round "2.5"]
[White "Okike, David C"]
[Black "Barrett, Steve J"]
[Result "0-1"]
[WhiteElo "2172"]
[BlackElo "2146"]
[PlyCount "90"]
[EventDate "2003.10.19"]

1. e4 c5 2. Nf3 e6 3. d4 cxd4 4. Nxd4 Nf6 5. Bd3 a6 6. f4 d6 7. Qf3 e5 8. Nb3
d5 9. fxe5 dxe4 10. Qf4 exd3 11. exf6 dxc2 12. O-O Qxf6 13. Qc7 Qe6 14. Nd4 Qd7
15. Qe5+ Qe7 16. Qg3 cxb1=Q 17. Rxb1 Nc6 18. Re1 Be6 19. Nxe6 fxe6 20. Bg5 Qc5+
21. Kh1 Be7 22. Be3 Qe5 23. Bf4 Qf6 24. h4 Qxh4+ 25. Qxh4 Bxh4 26. Rxe6+ Kf7
27. Re3 Rae8 28. Rb3 b5 29. g3 Bf6 30. Rc1 Re6 31. a4 b4 32. a5 Rd8 33. Rf3 Kg6
34. Rf2 Nxa5 35. Rc5 Nb3 36. Rc4 Rd4 37. Rc8 Rde4 38. Ra8 Nd4 39. Rb8 a5 40.
Rc8 Nc6 41. Bc7 Be5 42. Bxe5 R4xe5 43. Ra8 Nd4 44. Ra7 Re2 45. Rff7 Re1+ 0-1

[Event "4NCL/Div2/KHE vs. WRO"]
[Site "West Bromwich ENG"]
[Date "2003.10.19"]
[Round "2.6"]
[White "van Kemenade, Rudy"]
[Black "Mackenzie, Colin"]
[Result "0-1"]
[WhiteElo "2140"]
[BlackElo "2147"]
[PlyCount "50"]
[EventDate "2003.10.19"]

1. e4 e6 2. d4 d5 3. Nc3 Bb4 4. e5 c5 5. Bd2 Ne7 6. dxc5 Nbc6 7. Qg4 O-O 8. Nf3
f5 9. Qh5 a6 10. Bd3 d4 11. Nb1 Bxc5 {=} 12. O-O Bd7 13. a3 b5 14. Ng5 h6 15.
Nf3 Be8 16. Qh3 Ng6 17. g4 Ncxe5 18. Nxe5 Nxe5 19. gxf5 Bc6 20. f4 Nxd3 21.
cxd3 Rxf5 22. b4 Be7 23. Ra2 Qd5 24. Rb2 Rh5 25. Qg3 Bh4 0-1